[Event "I Taça Litoral"]
[Site "S Martinho Porto POR"]
[Date "2018.09.16"]
[Round "3.10"]
[White "February, Jesse"]
[Black "Nielsen, Jørgen"]
[Result "1-0"]
[WhiteElo "1933"]
[BlackElo "1670"]
[WhiteFideId "14312336"]
[BlackFideId "1413279"]
[WhiteTitle "WIM"]
[WhiteCountry "RSA"]
[BlackCountry "DEN"]
[PlyCount "97"]


1. e4 c5 2. Nf3 g6 3. d4 cxd4 4. Qxd4 Nf6 5. e5 Nc6 6. Qa4 Nd5 7. Qe4 Nc7 8. Be3
d5 9. exd6 Qxd6 10. Nd4 Qe5 11. Qxe5 Nxe5 12. Nc3 a6 13. Bf4 Bg7 14. O-O-O Ne6
15. Nd5 Kf8 16. Nxe6+ Bxe6 17. Nc7 Rc8 18. Nxe6+ fxe6 19. g3 Ng4 20. Rd2 e5 21.
Bg5 h6 22. Bh3 hxg5 23. Bxg4 Rc6 24. h3 Kf7 25. Rhd1 b6 26. Kb1 Rb8 27. Bf3 Rf6
28. Bd5+ Ke8 29. f3 Rd6 30. Be4 Rxd2 31. Bxg6+ Kd8 32. Rxd2+ Kc7 33. c3 Rd8 34.
Rxd8 Kxd8 35. Kc2 Bf6 36. Bd3 a5 37. Bc4 Kc7 38. Kb3 Kc6 39. Ka4 Kc5 40. Bf7 Kd6
41. Kb5 Kc7 42. Bd5 Kd6 43. Be4 Kc7 44. b4 axb4 45. cxb4 e6 46. a4 Kc8 47. a5
bxa5 48. bxa5 Kb8 49. a6 1-0

[Event "I Taça Litoral"]
[Site "S Martinho Porto POR"]
[Date "2018.09.16"]
[Round "3.11"]
[White "Castanheira, António"]
[Black "Oliveira, Tomás"]
[Result "0-1"]
[WhiteElo "1905"]
[BlackElo "1596"]
[WhiteFideId "1901788"]
[BlackFideId "1929216"]
[WhiteCountry "POR"]
[BlackCountry "POR"]
[PlyCount "62"]


1. d4 d5 2. c4 e6 3. Nf3 f5 4. a3 Nf6 5. Bg5 c6 6. Nbd2 Be7 7. Bxf6 Bxf6 8. e3
O-O 9. Bd3 Nd7 10. h3 Be7 11. O-O Bd6 12. b4 a6 13. Qb3 Nf6 14. a4 Bd7 15. Ra2
b5 16. cxb5 cxb5 17. axb5 axb5 18. Rfa1 Rxa2 19. Rxa2 Qb8 20. Qa3 Rc8 21. Kf1
Ne4 22. Qa7 Rc1+ 23. Ne1 Nxd2+ 24. Ke2 Qc8 25. Rxd2 Bxb4 26. Rc2 Rxe1+ 27. Kf3
Qe8 28. g3 Rg1 29. g4 fxg4+ 30. hxg4 Qf7+ 31. Ke2 Re1# 0-1

[Event "I Taça Litoral"]
[Site "S Martinho Porto POR"]
[Date "2018.09.16"]
[Round "3.12"]
[White "Simões, Miguel"]
[Black "Hart, Alexander"]
[Result "1/2-1/2"]
[WhiteElo "1805"]
[BlackElo "1901"]
[WhiteFideId "1946307"]
[BlackFideId "1735829"]
[WhiteCountry "POR"]
[BlackCountry "SWE"]
[PlyCount "157"]


1. e4 c6 2. Nc3 d5 3. Nf3 Bg4 4. h3 Bxf3 5. Qxf3 e6 6. d4 dxe4 7. Qxe4 Nf6 8.
Qh4 Nbd7 9. Bg5 Qa5 10. Bd2 Be7 11. Qg5 Qxg5 12. Bxg5 Nd5 13. Bxe7 Kxe7 14.
Nxd5+ cxd5 15. Bd3 Rac8 16. O-O h5 17. f4 f5 18. Rfe1 Kf7 19. Rac1 Nb6 20. b3
Rc3 21. Re2 Rhc8 22. Rce1 R8c6 23. Kh2 Nc8 24. g4 hxg4 25. hxg4 Ne7 26. Kg3 fxg4
27. Kxg4 Kf6 28. Re5 g6 29. Rg5 Nf5 30. Rc1 Rc8 31. Rh1 Rg8 32. Kf3 Nxd4+ 33.
Ke3 Nf5+ 34. Kd2 Rcc8 35. Rh7 Rg7 36. Rxg7 Kxg7 37. c4 dxc4 38. Bxc4 Kf6 39. Rg1
Rc6 40. Rh1 a5 41. Rh8 b6 42. Rf8+ Ke7 43. Rg8 Kf7 44. Rb8 Rd6+ 45. Kc3 Ne3 46.
a4 Ng2 47. b4 axb4+ 48. Kxb4 Nxf4 49. Kb5 Nd5 50. Bxd5 exd5 51. Rxb6 Rxb6+ 52.
Kxb6 g5 53. a5 g4 54. a6 g3 55. a7 g2 56. a8=Q g1=Q+ 57. Kc6 Qg6+ 58. Kc5 Qc2+
59. Kd6 Qh2+ 60. Kc5 Qf2+ 61. Kd6 Qf6+ 62. Kc5 Qc3+ 63. Kd6 Qg3+ 64. Kc5 Qe3+
65. Kd6 d4 66. Qa2+ Kf6 67. Qa1 Kf5 68. Qd1 d3 69. Qh5+ Kf4 70. Qh4+ Kf3 71.
Qh3+ Ke2 72. Qg2+ Kd1 73. Qf1+ Kc2 74. Qf5 Qb6+ 75. Ke7 Qe3+ 76. Kd6 Qb6+ 77.
Kd5 Qg1 78. Kc4 Qb6 79. Qxd3+ 1/2-1/2

[Event "I Taça Litoral"]
[Site "S Martinho Porto POR"]
[Date "2018.09.16"]
[Round "3.13"]
[White "Vonach, Bernard"]
[Black "Fernandes, Martim Bernardo"]
[Result "1-0"]
[WhiteElo "1894"]
[BlackElo "1092"]
[WhiteFideId "4680243"]
[BlackFideId "1960547"]
[WhiteCountry "GER"]
[BlackCountry "POR"]
[PlyCount "73"]


1. e4 c5 2. Nf3 e6 3. c4 d6 4. Nc3 Nf6 5. b3 a6 6. Bb2 Be7 7. Bd3 O-O 8. O-O Bd7
9. Rc1 Nc6 10. Re1 e5 11. Nd5 Bg4 12. h3 Bxf3 13. Qxf3 Nxd5 14. cxd5 Nd4 15. Qg4
Qc8 16. Qh5 g6 17. Qd1 Bf6 18. Bxd4 exd4 19. f4 Re8 20. Qf3 Bh8 21. g4 Qc7 22.
Re2 Qa5 23. Bb1 Qa3 24. Rce1 Qa5 25. h4 b5 26. e5 dxe5 27. fxe5 Bxe5 28. Rxe5
Rxe5 29. Rxe5 Qxd2 30. d6 Qc1+ 31. Kg2 Qxb1 32. Qxa8+ Kg7 33. Qf3 d3 34. Re7
Qxa2+ 35. Kg3 d2 36. Qxf7+ Kh6 37. Qxh7# 1-0

[Event "I Taça Litoral"]
[Site "S Martinho Porto POR"]
[Date "2018.09.16"]
[Round "3.14"]
[White "Schleime, Franz-Joseph"]
[Black "Morais, Vítor"]
[Result "0-1"]
[WhiteElo "1696"]
[BlackElo "1893"]
[WhiteFideId "24641740"]
[BlackFideId "1900552"]
[BlackTitle "NM"]
[WhiteCountry "GER"]
[BlackCountry "POR"]
[PlyCount "96"]


1. d4 d5 2. Nf3 Nc6 3. e3 Bg4 4. c4 e6 5. Qb3 Bxf3 6. gxf3 Bb4+ 7. Nc3 Nge7 8.
Bd2 dxc4 9. Bxc4 a6 10. a3 Bd6 11. Bd3 Rb8 12. e4 Nxd4 13. Qa4+ Nec6 14. Be2 O-O
15. Be3 Nxe2 16. Kxe2 Qf6 17. h4 h6 18. Rag1 Be5 19. Qc2 Nd4+ 20. Bxd4 Bxd4 21.
Rg4 Kh8 22. Qc1 c5 23. Rf4 Qe5 24. Rg1 f5 25. Kf1 b5 26. Rg6 b4 27. Ne2 Bxb2 28.
Qc4 Rf6 29. Rxf6 Qxf6 30. axb4 Be5 31. Qxc5 Bxf4 32. Nxf4 fxe4 33. Qd6 Rc8 34.
fxe4 e5 35. Qxf6 gxf6 36. Nd5 Kg7 37. Ke2 Rc4 38. Kd3 Rd4+ 39. Ke3 f5 40. f3
fxe4 41. fxe4 Kg6 42. Nc7 Rxb4 43. Nxa6 Rb3+ 44. Kf2 Rh3 45. Nc5 Rxh4 46. Kf3
Rh3+ 47. Ke2 Kg5 48. Ne6+ Kg4 0-1

[Event "I Taça Litoral"]
[Site "S Martinho Porto POR"]
[Date "2018.09.16"]
[Round "3.15"]
[White "Dias, José"]
[Black "Bous, Florian"]
[Result "0-1"]
[WhiteElo "1622"]
[BlackElo "2019"]
[WhiteFideId "1923943"]
[BlackFideId "4660412"]
[WhiteCountry "POR"]
[BlackCountry "GER"]
[PlyCount "92"]


1. d4 Nf6 2. Bf4 b6 3. e3 Bb7 4. Nf3 e6 5. Bd3 c5 6. c3 Be7 7. h3 Nc6 8. O-O d6
9. Qc2 Rc8 10. Nbd2 O-O 11. a3 h6 12. Rad1 cxd4 13. exd4 a6 14. Rfe1 b5 15. Qb1
Na5 16. Ne4 Nd5 17. Bh2 Nc4 18. Nfd2 Qb6 19. Nf1 Qc6 20. f3 a5 21. Ned2 Bg5 22.
Nxc4 bxc4 23. Be4 Qb6 24. Re2 Rfd8 25. Rde1 e5 26. Kh1 exd4 27. cxd4 Rb8 28. Qc2
Qb5 29. Bxd5 Bxd5 30. Nd2 Bh4 31. Rb1 Rbc8 32. Qc3 Be6 33. Rc1 Qd5 34. Nf1 Bf6
35. Bg1 Qb5 36. Ne3 Re8 37. Bf2 a4 38. Ng4 Bd8 39. Rce1 Ba5 40. Qe3 Bxg4 41.
Qxe8+ Rxe8 42. Rxe8+ Kh7 43. R1e7 Be6 44. Rf8 Qxb2 45. Bg3 Qxd4 46. Rb7 Bb6 0-1

[Event "I Taça Litoral"]
[Site "S Martinho Porto POR"]
[Date "2018.09.16"]
[Round "3.16"]
[White "Sperber, Ulrich"]
[Black "Müller, Dieter"]
[Result "1-0"]
[WhiteElo "1838"]
[BlackElo "1632"]
[WhiteFideId "24697125"]
[BlackFideId "24699640"]
[WhiteCountry "GER"]
[BlackCountry "GER"]
[PlyCount "45"]


1. e4 d6 2. d4 Nf6 3. Nc3 g6 4. f4 Bg7 5. Nf3 O-O 6. Bd3 Bg4 7. O-O Nc6 8. Be3
Nd7 9. e5 dxe5 10. fxe5 e6 11. Ne4 f5 12. exf6 Nxf6 13. c3 e5 14. Qb3+ Nd5 15.
Bc4 Nce7 16. Bg5 Kh8 17. Bxd5 Qxd5 18. Bxe7 Qxe4 19. Rae1 Qc6 20. Bxf8 Rxf8 21.
Nxe5 Qe6 22. Nf7+ Rxf7 23. Rxe6 1-0

[Event "I Taça Litoral"]
[Site "S Martinho Porto POR"]
[Date "2018.09.16"]
[Round "3.17"]
[White "Martins, Domingos"]
[Black "Hielscher, Ursula"]
[Result "0-1"]
[WhiteElo "1339"]
[BlackElo "1771"]
[WhiteFideId "1947389"]
[BlackFideId "4658965"]
[WhiteCountry "POR"]
[BlackCountry "GER"]
[PlyCount "86"]


1. d4 Nf6 2. Nf3 g6 3. Bf4 Bg7 4. c4 O-O 5. Nc3 d6 6. e3 Nbd7 7. Be2 c5 8. d5
Nb6 9. e4 Bg4 10. h3 Bxf3 11. Bxf3 Nxc4 12. Qe2 Nb6 13. O-O Nfd7 14. Rac1 Ne5
15. b3 Nxf3+ 16. Qxf3 e5 17. Be3 f5 18. Qe2 f4 19. Bd2 Qd7 20. f3 Rac8 21. Be1
Na8 22. Rc2 Nc7 23. g3 Qxh3 24. g4 Qh6 25. Rf2 Qg5 26. Rh2 Qe7 27. Qg2 Bf6 28.
Qh1 Na6 29. Rh3 Rf7 30. Rch2 Nb4 31. Rxh7 Rxh7 32. Nb5 Rxh2 33. Qxh2 Bg5 34.
Nxa7 Ra8 35. Bxb4 Rxa7 36. Qf2 Bh4 37. Qh2 cxb4 38. Qd2 Bg3 39. Qc2 Ra8 40. Qd2
Qh4 41. Qg2 Qh2+ 42. Qxh2 Bxh2+ 43. Kxh2 Rxa2+ 0-1

[Event "I Taça Litoral"]
[Site "S Martinho Porto POR"]
[Date "2018.09.16"]
[Round "3.18"]
[White "Heil, Rudolf"]
[Black "Oster, Jean-Marie"]
[Result "1-0"]
[WhiteElo "1737"]
[BlackElo "1479"]
[WhiteFideId "1271132"]
[BlackFideId "638013"]
[WhiteCountry "GER"]
[BlackCountry "FRA"]
[PlyCount "49"]


1. c4 Nf6 2. g3 e6 3. Bg2 d5 4. Nf3 c5 5. O-O Nc6 6. cxd5 Nxd5 7. Nc3 Be7 8. d4
Nxc3 9. bxc3 cxd4 10. cxd4 Bf6 11. Bb2 O-O 12. Rb1 Qa5 13. Qb3 Qb4 14. Qxb4 Nxb4
15. a3 Nd5 16. Rfc1 Bd7 17. Ne5 Bxe5 18. dxe5 Bc6 19. Bd4 Rfd8 20. Bc5 b6 21.
Bd6 Rac8 22. e4 Rxd6 23. exd6 Nf6 24. e5 Nd5 25. Rxc6 1-0

[Event "I Taça Litoral"]
[Site "S Martinho Porto POR"]
[Date "2018.09.16"]
[Round "3.19"]
[White "Oliveira, Fernando Alves"]
[Black "Dong, Rafael"]
[Result "1-0"]
[WhiteElo "1586"]
[BlackElo "1303"]
[WhiteFideId "1947869"]
[BlackFideId "1958038"]
[WhiteCountry "POR"]
[BlackCountry "POR"]
[PlyCount "77"]


1. d4 Nf6 2. Bf4 e6 3. e3 d5 4. Nd2 c5 5. c3 Nc6 6. Ngf3 Bd6 7. Bg3 O-O 8. Bd3
b6 9. Ne5 Bb7 10. Bb5 Qc7 11. Ng4 Nxg4 12. Qxg4 Ne7 13. f4 Nf5 14. Qe2 Be7 15.
Bf2 g6 16. h4 Bf6 17. g4 Nd6 18. g5 Bg7 19. h5 Nxb5 20. Qxb5 cxd4 21. cxd4 Qc2
22. hxg6 fxg6 23. Qf1 Rf7 24. Qh3 Bf8 25. Qxe6 Qxb2 26. Rb1 Qxa2 27. Rxh7 Kxh7
28. Qxf7+ Bg7 29. Qxb7 Re8 30. Ke2 Qa4 31. Rh1+ Kg8 32. Qxd5+ Kf8 33. Rh7 Qa6+
34. Kf3 Qa1 35. Qd6+ Kg8 36. Qxg6 Qd1+ 37. Kg2 Qg4+ 38. Kh2 Re7 39. Ne4 1-0

[Event "I Taça Litoral"]
[Site "S Martinho Porto POR"]
[Date "2018.09.16"]
[Round "3.20"]
[White "Dong, Fábio"]
[Black "Pais, Bruno"]
[Result "0-1"]
[WhiteElo "1289"]
[BlackElo "1817"]
[WhiteFideId "1958020"]
[BlackFideId "1911341"]
[WhiteCountry "POR"]
[BlackCountry "POR"]
[PlyCount "68"]


1. c4 e5 2. Nc3 Nf6 3. g3 d5 4. cxd5 Nxd5 5. Bg2 Nb6 6. Nf3 Nc6 7. O-O Be7 8. d3
O-O 9. Bd2 Be6 10. a3 f6 11. b4 Nd4 12. Nxd4 exd4 13. Ne4 Bd5 14. Rc1 Re8 15. b5
Bxa3 16. Ra1 Qe7 17. Bc1 Bxc1 18. Rxc1 c6 19. bxc6 Bxc6 20. Qb3+ Bd5 21. Qb2 f5
22. Nc5 Bxg2 23. Kxg2 Qd6 24. Qb3+ Qd5+ 25. Qxd5+ Nxd5 26. Nxb7 Rxe2 27. Rc4
Ne3+ 28. Kf3 Nxc4 29. Kxe2 Ne5 30. Rc1 Kf7 31. Rc4 Nxc4 32. dxc4 Ke6 33. Kd3 a5
34. Kxd4 a4 0-1

[Event "I Taça Litoral"]
[Site "S Martinho Porto POR"]
[Date "2018.09.16"]
[Round "3.21"]
[White "Coimbra, João"]
[Black "Ferreira, Cristina"]
[Result "1-0"]
[WhiteElo "1429"]
[BlackElo "1134"]
[WhiteFideId "1901435"]
[BlackFideId "1963082"]
[WhiteCountry "POR"]
[BlackCountry "POR"]
[PlyCount "89"]


1. c3 e5 2. d3 d5 3. h3 f5 4. e3 Bb4 5. cxb4 Nc6 6. b5 Nce7 7. d4 e4 8. g3 Nf6
9. Nd2 O-O 10. Nb3 b6 11. Bd2 Be6 12. Ne2 Qd6 13. a3 a6 14. bxa6 Rxa6 15. Nf4
Raa8 16. Be2 Bd7 17. Bb4 c5 18. dxc5 bxc5 19. Bxc5 Qe5 20. Nd4 Ba4 21. Qd2 Rfc8
22. b4 Nc6 23. O-O Nd8 24. Rfc1 Nf7 25. Kg2 Ng5 26. h4 Nf7 27. Rc3 Ng4 28. Rac1
Nfh6 29. Nde6 g5 30. hxg5 Bd7 31. Bd4 Qd6 32. Nc5 Rd8 33. gxh6 Qxh6 34. Bxg4
fxg4 35. Rh1 Bb5 36. Rxh6 Ra7 37. Rh4 Rg7 38. Nce6 Bd7 39. Bxg7 Bxe6 40. Nxe6
Kf7 41. Nxd8+ Kxg7 42. Rc7+ Kg6 43. Rhxh7 Kg5 44. Qxd5+ Kf6 45. Rc6# 1-0

[Event "I Taça Litoral"]
[Site "S Martinho Porto POR"]
[Date "2018.09.16"]
[Round "4.1"]
[White "Ikkonikov, Vyacheslav"]
[Black "Grigore, George-Gabriel"]
[Result "1/2-1/2"]
[WhiteElo "2551"]
[BlackElo "2486"]
[WhiteFideId "4100972"]
[BlackFideId "1200186"]
[WhiteTitle "GM"]
[BlackTitle "GM"]
[WhiteCountry "RUS"]
[BlackCountry "ROU"]
[PlyCount "45"]


1. d4 Nf6 2. Nf3 g6 3. c4 Bg7 4. Nc3 d6 5. e4 O-O 6. Be2 e5 7. d5 a5 8. Bg5 h6
9. Bh4 g5 10. Bg3 Nh5 11. Nd2 Nf4 12. O-O f5 13. exf5 Nxe2+ 14. Qxe2 Bxf5 15.
Nde4 Nd7 16. h3 Nf6 17. Bh2 Rf7 18. Nxf6+ Qxf6 19. Ne4 Qg6 20. f3 Bf8 21. Rad1
Re8 22. Ng3 Bd7 23. Qe4 1/2-1/2

[Event "I Taça Litoral"]
[Site "S Martinho Porto POR"]
[Date "2018.09.16"]
[Round "4.2"]
[White "Fernandes, Ricardo Paulos"]
[Black "van Riemsdijk, Herman"]
[Result "0-1"]
[WhiteElo "2160"]
[BlackElo "2270"]
[WhiteFideId "1943464"]
[BlackFideId "2100053"]
[BlackTitle "IM"]
[WhiteCountry "POR"]
[BlackCountry "BRA"]
[PlyCount "140"]


1. b3 e5 2. Bb2 Nc6 3. e3 Nf6 4. c4 Be7 5. d3 d5 6. cxd5 Nxd5 7. a3 O-O 8. Nf3
f6 9. Nbd2 Be6 10. Be2 Qd7 11. O-O Rfd8 12. Qc2 Bf8 13. Ne4 Bf7 14. Kh1 b6 15.
g4 h6 16. Rg1 Nce7 17. Rg3 c5 18. Rag1 g5 19. h4 Bg7 20. hxg5 hxg5 21. d4 cxd4
22. exd4 Rac8 23. Qd1 Bg6 24. Nfd2 Nf4 25. Bc4+ Kf8 26. a4 exd4 27. Ba3 Bf7 28.
Re1 Qc6 29. Kg1 Rc7 30. Qf3 Bd5 31. Bxd5 Qxd5 32. Nc4 Kf7 33. Bd6 Rcd7 34. Bxf4
gxf4 35. Qxf4 Ng6 36. Qf3 Re7 37. g5 f5 38. Ncd6+ Rxd6 39. Nxd6+ Qxd6 40. Qxf5+
Kg8 41. Qc8+ Bf8 42. Qc4+ Kg7 43. Rd1 Nf4 44. Kf1 Ne2 45. Rg2 Qe5 46. f3 Nf4 47.
Rg4 d3 48. Qe4 Qxe4 49. fxe4 Rf7 50. g6 Rf6 51. e5 Rf5 52. Kf2 Nd5+ 53. Kg3 Ne3
54. Rxd3 Nxg4 55. Kxg4 Rxe5 56. Kf4 Re6 57. Kf5 Rf6+ 58. Ke5 a5 59. Rd7+ Kxg6
60. Kd5 Rf4 61. Kc6 Rb4 62. Rd3 Bc5 63. Kd5 Kf5 64. Rf3+ Kg4 65. Rd3 Kf4 66. Rc3
Rd4+ 67. Kc6 Ke4 68. Rc1 Kd3 69. Rh1 Kc3 70. Rh3+ Rd3 0-1

[Event "I Taça Litoral"]
[Site "S Martinho Porto POR"]
[Date "2018.09.16"]
[Round "4.3"]
[White "Sharma, Dinesh K"]
[Black "Grüttner, Ralf"]
[Result "1-0"]
[WhiteElo "2276"]
[BlackElo "2133"]
[WhiteFideId "5004110"]
[BlackFideId "4638158"]
[WhiteTitle "IM"]
[WhiteCountry "IND"]
[BlackCountry "GER"]
[PlyCount "53"]


1. d4 Nf6 2. Nf3 g6 3. c4 Bg7 4. Nc3 d6 5. e4 O-O 6. Be2 e5 7. Be3 Nc6 8. d5 Ne7
9. Nd2 Ne8 10. c5 f5 11. f3 dxc5 12. Bxc5 Bh6 13. Nc4 fxe4 14. fxe4 Bg7 15. Qb3
b6 16. Nxb6 cxb6 17. Bxe7 Qxe7 18. d6+ Qf7 19. Bc4 Nxd6 20. Bxf7+ Nxf7 21. O-O
Ba6 22. Nb5 Rad8 23. Rxf7 Rxf7 24. Rf1 Bxb5 25. Rxf7 Ba4 26. Rxg7+ Kxg7 27. Qxa4
1-0

[Event "I Taça Litoral"]
[Site "S Martinho Porto POR"]
[Date "2018.09.16"]
[Round "4.4"]
[White "Osianu, Tudor"]
[Black "Pitschka, Claus"]
[Result "1/2-1/2"]
[WhiteElo "1978"]
[BlackElo "2262"]
[WhiteFideId "1212486"]
[BlackFideId "4617762"]
[BlackTitle "FM"]
[WhiteCountry "ROU"]
[BlackCountry "GER"]
[PlyCount "92"]


1. Nf3 d5 2. g3 c6 3. Bg2 Bg4 4. d3 Nf6 5. c3 Nbd7 6. Qb3 Qb6 7. Nbd2 e5 8. Qc2
h6 9. e4 dxe4 10. dxe4 Bc5 11. Nc4 Qc7 12. a4 a5 13. Be3 Bxe3 14. Nxe3 Bxf3 15.
Bxf3 O-O 16. O-O Nc5 17. b4 axb4 18. cxb4 Ne6 19. Bg2 Nd4 20. Qc4 Rxa4 21. Rxa4
b5 22. Qa2 bxa4 23. Qxa4 Qb7 24. Qa5 Nd7 25. Ra1 Rb8 26. Qa7 Nf8 27. Qc5 Qxb4
28. Qxe5 Qb2 29. Ra5 Qb1+ 30. Nf1 Ne2+ 31. Kh1 Qe1 32. Qxb8 Qxa5 33. Qb1 c5 34.
Qd1 Qa2 35. Qd2 Qa6 36. Ne3 Nd4 37. Bf1 Qa1 38. Kg2 Nfe6 39. h4 Qa8 40. f3 Nb3
41. Qb2 Ned4 42. Bc4 Qa4 43. Bd5 Qb4 44. Qa2 Qd2+ 45. Qxd2 Nxd2 46. f4 Kf8
1/2-1/2

[Event "I Taça Litoral"]
[Site "S Martinho Porto POR"]
[Date "2018.09.16"]
[Round "4.5"]
[White "Sismeiro, Miguel"]
[Black "Lochte, Thomas"]
[Result "1/2-1/2"]
[WhiteElo "2014"]
[BlackElo "2071"]
[WhiteFideId "1950975"]
[BlackFideId "4606272"]
[WhiteCountry "POR"]
[BlackCountry "GER"]
[PlyCount "79"]


1. e4 e5 2. Nf3 Nc6 3. Bb5 a6 4. Ba4 Nf6 5. O-O b5 6. Bb3 Be7 7. Re1 O-O 8. h3
d6 9. c3 Be6 10. d4 Bxb3 11. axb3 exd4 12. cxd4 d5 13. e5 Ne4 14. Nbd2 Bb4 15.
Qc2 Bxd2 16. Bxd2 Nxd2 17. Qxd2 a5 18. Rec1 Nb4 19. Ne1 c6 20. Nd3 Nxd3 21. Qxd3
Qb6 22. Rc5 g6 23. Rac1 Rfc8 24. f4 Qb7 25. Qc2 a4 26. b4 a3 27. bxa3 Rxa3 28.
Rxd5 Qa7 29. Qc5 cxd5 30. Qxc8+ Kg7 31. Qc5 Qd7 32. Qc7 Qf5 33. Qe7 Qxf4 34. Rf1
Qxd4+ 35. Kh1 Ra1 36. Qxf7+ Kh6 37. Qf8+ Kh5 38. Qf3+ Kh6 39. Qf8+ Kh5 40. Qf3+
1/2-1/2

[Event "I Taça Litoral"]
[Site "S Martinho Porto POR"]
[Date "2018.09.16"]
[Round "4.6"]
[White "Schmitz, Andreas"]
[Black "Vonach, Bernard"]
[Result "1-0"]
[WhiteElo "2008"]
[BlackElo "1894"]
[WhiteFideId "4609875"]
[BlackFideId "4680243"]
[WhiteTitle "CM"]
[WhiteCountry "GER"]
[BlackCountry "GER"]
[PlyCount "91"]


1. e4 e5 2. Nc3 Nf6 3. Bc4 Nc6 4. d3 Be7 5. f4 d6 6. Nf3 O-O 7. O-O exf4 8. Bxf4
Na5 9. Bb3 Nxb3 10. axb3 Re8 11. Ra5 c5 12. Ra2 Bf8 13. Bg5 h6 14. Bh4 g5 15.
Nxg5 hxg5 16. Bxg5 Be7 17. Qf3 Bg4 18. Qf4 Be6 19. Bxf6 Bxf6 20. Qxf6 Qxf6 21.
Rxf6 Kg7 22. Rf3 a6 23. Ra1 Rh8 24. Raf1 Rh7 25. Nd1 b5 26. Ne3 Kf8 27. Nf5 d5
28. exd5 Bxd5 29. Re3 Be6 30. Re5 c4 31. Nd4 Bd7 32. dxc4 bxc4 33. bxc4 Rh6 34.
b4 Rb6 35. c3 Re8 36. Rxe8+ Kxe8 37. c5 Rg6 38. Ra1 Kd8 39. g3 Kc7 40. Rf1 f6
41. Rf4 Bc6 42. Kf2 Bd5 43. h4 Kb7 44. h5 Rh6 45. g4 a5 46. Nf5 1-0

[Event "I Taça Litoral"]
[Site "S Martinho Porto POR"]
[Date "2018.09.16"]
[Round "4.7"]
[White "Morais, Vítor"]
[Black "February, Jesse"]
[Result "1-0"]
[WhiteElo "1893"]
[BlackElo "1933"]
[WhiteFideId "1900552"]
[BlackFideId "14312336"]
[WhiteTitle "NM"]
[BlackTitle "WIM"]
[WhiteCountry "POR"]
[BlackCountry "RSA"]
[PlyCount "95"]


1. b3 e5 2. Bb2 Nc6 3. e3 Nf6 4. Bb5 Bd6 5. Na3 a6 6. Be2 b5 7. c4 b4 8. Nc2 O-O
9. d3 Re8 10. Nf3 Bf8 11. O-O d5 12. Nd2 Bb7 13. Rc1 Qd7 14. Re1 Rad8 15. Bf1
Qf5 16. cxd5 Na7 17. e4 Qg6 18. Nc4 Nd7 19. Re3 c6 20. Rg3 Qf6 21. Na5 Ba8 22.
dxc6 Nxc6 23. Nxc6 Bxc6 24. Ne3 g6 25. Qf3 Qe6 26. h4 Bg7 27. h5 Nf6 28. hxg6
hxg6 29. Rh3 Bb5 30. Nc4 Nh5 31. g3 Re7 32. Kg2 Bc6 33. Ne3 Bb5 34. Nd5 Red7 35.
Be2 Nf6 36. Nc7 Qd6 37. Nxb5 axb5 38. Qe3 Ra8 39. Rc2 Rc7 40. Rd2 Rca7 41. d4
exd4 42. Bxd4 Rxa2 43. Rxa2 Rxa2 44. e5 Nd5 45. exd6 Nxe3+ 46. Bxe3 Rxe2 47. d7
Bf6 48. Bd4 1-0

[Event "I Taça Litoral"]
[Site "S Martinho Porto POR"]
[Date "2018.09.16"]
[Round "4.8"]
[White "Oliveira, Tomás"]
[Black "Schmitz, Manuela"]
[Result "0-1"]
[WhiteElo "1596"]
[BlackElo "1931"]
[WhiteFideId "1929216"]
[BlackFideId "4626001"]
[BlackTitle "WFM"]
[WhiteCountry "POR"]
[BlackCountry "GER"]
[PlyCount "102"]


1. c4 e6 2. Nf3 Nf6 3. Nc3 d5 4. cxd5 exd5 5. d4 c6 6. Bg5 Be7 7. e3 Bf5 8. Nh4
Bg6 9. Nxg6 hxg6 10. Bd3 Nbd7 11. a3 Nf8 12. b4 Ne6 13. Bxf6 Bxf6 14. Na4 Qe7
15. O-O Qd6 16. g3 Rh6 17. f4 O-O-O 18. Nc5 Rdh8 19. Ra2 Kb8 20. Qf3 Ka8 21.
Nxe6 Qxe6 22. Rff2 Re8 23. Rfe2 Rhh8 24. Kf1 Qh3+ 25. Qg2 Qg4 26. Ke1 Re7 27.
Kd2 Qd7 28. Qf3 Qc7 29. Ke1 Re6 30. Rac2 Qb6 31. Kf1 Rhe8 32. Kg2 Be7 33. e4
dxe4 34. Rxe4 Bf6 35. Rxe6 Rxe6 36. d5 Re3 37. Qg4 Qc7 38. dxc6 bxc6 39. Ba6
Rxa3 40. b5 c5 41. Re2 Qd8 42. Qc8+ Qxc8 43. Bxc8 Kb8 44. Ba6 Kc7 45. Re8 Ra2+
46. Kf3 Rd2 47. Rc8+ Kb6 48. Rb8+ Ka5 49. Rb7 c4 50. Rxa7 c3 51. Ke3 Bd4+ 0-1

[Event "I Taça Litoral"]
[Site "S Martinho Porto POR"]
[Date "2018.09.16"]
[Round "4.9"]
[White "Bous, Florian"]
[Black "Simões, Miguel"]
[Result "1-0"]
[WhiteElo "2019"]
[BlackElo "1805"]
[WhiteFideId "4660412"]
[BlackFideId "1946307"]
[WhiteCountry "GER"]
[BlackCountry "POR"]
[PlyCount "81"]


1. d4 Nf6 2. c4 g6 3. Nc3 Bg7 4. e4 O-O 5. Nf3 d6 6. h3 e5 7. d5 Na6 8. Bg5 h6
9. Be3 Kh7 10. g4 c6 11. a3 cxd5 12. cxd5 Bd7 13. Nd2 Nc5 14. b4 Na6 15. Nc4 Ne8
16. Na5 b6 17. Bxa6 bxa5 18. Bd3 f5 19. f3 Qh4+ 20. Bf2 Qf6 21. Qe2 fxg4 22.
fxg4 Rc8 23. Rc1 Qf4 24. Qe3 g5 25. b5 Rc7 26. Ne2 Rxc1+ 27. Nxc1 Nc7 28. a4 Na8
29. Qxf4 gxf4 30. Bxa7 Rc8 31. Kd2 Rf8 32. Nb3 Bf6 33. Nxa5 f3 34. Nc4 Bg5+ 35.
Be3 Bd8 36. Nxd6 Ba5+ 37. Kc2 Nb6 38. Kb3 f2 39. Be2 Nc8 40. Nc4 Be1 41. Nxe5
1-0

[Event "I Taça Litoral"]
[Site "S Martinho Porto POR"]
[Date "2018.09.16"]
[Round "4.10"]
[White "Hielscher, Ursula"]
[Black "Haase, Georg"]
[Result "1/2-1/2"]
[WhiteElo "1771"]
[BlackElo "1946"]
[WhiteFideId "4658965"]
[BlackFideId "12998265"]
[WhiteCountry "GER"]
[BlackCountry "GER"]
[PlyCount "112"]


1. d4 Nf6 2. c4 e6 3. Nc3 Bb4 4. Qc2 b6 5. Bg5 Bb7 6. a3 Be7 7. Nf3 h6 8. Bf4 d6
9. e4 O-O 10. Bd3 Re8 11. O-O Nbd7 12. Rad1 Nh5 13. Be3 e5 14. dxe5 dxe5 15.
Nxe5 Nxe5 16. Be2 Qc8 17. Bxh5 Nxc4 18. Qb3 Qe6 19. Rd4 Nxe3 20. Qxe6 fxe6 21.
fxe3 Rf8 22. Re1 Rad8 23. Nb5 e5 24. Rxd8 Bxd8 25. Nxa7 Bxe4 26. Nb5 c5 27. Nd6
Bc6 28. Nc4 Bc7 29. Rc1 Rd8 30. Rd1 Rxd1+ 31. Bxd1 Kf7 32. Bb3 Kf6 33. Kf2 b5
34. Nd2 e4 35. Bc2 Ke5 36. b3 Ba5 37. Nf1 h5 38. Ng3 g6 39. Ne2 Be8 40. Ng3 Bc6
41. Ne2 h4 42. g3 Bd8 43. Nf4 Be8 44. Ng2 g5 45. gxh4 gxh4 46. Nf4 Bg5 47. Ne2
Bc6 48. Nc3 Bf6 49. Ne2 Be7 50. Nf4 Be8 51. Ne2 Bd6 52. Nc3 Bc6 53. Kg2 Kf5 54.
Kh3 Be5 55. Nd1 Kg5 56. Nf2 Kf5 1/2-1/2

[Event "I Taça Litoral"]
[Site "S Martinho Porto POR"]
[Date "2018.09.16"]
[Round "4.11"]
[White "Lopez De Turiso, José Angel"]
[Black "Heil, Rudolf"]
[Result "1-0"]
[WhiteElo "1942"]
[BlackElo "1737"]
[WhiteFideId "2207680"]
[BlackFideId "1271132"]
[WhiteCountry "ESP"]
[BlackCountry "GER"]
[PlyCount "37"]


1. e4 Nc6 2. Nf3 f5 3. exf5 d5 4. Nh4 Nh6 5. Qh5+ Nf7 6. Bb5 Qd6 7. O-O g6 8.
Qe2 Bxf5 9. Nxf5 gxf5 10. d4 O-O-O 11. c3 Bh6 12. Bxh6 Nxh6 13. Re1 Kd7 14. Nd2
Rhg8 15. Nf3 Rxg2+ 16. Kxg2 Rg8+ 17. Kh1 Ng4 18. h3 Qh6 19. Qxe7+ 1-0

[Event "I Taça Litoral"]
[Site "S Martinho Porto POR"]
[Date "2018.09.16"]
[Round "4.12"]
[White "Selkirk, Rebecca"]
[Black "Kievelitz, Bernd"]
[Result "1-0"]
[WhiteElo "1733"]
[BlackElo "1842"]
[WhiteFideId "14306514"]
[BlackFideId "4602544"]
[WhiteCountry "RSA"]
[BlackCountry "GER"]
[PlyCount "35"]


1. e4 c5 2. c3 Nf6 3. e5 Nd5 4. Nf3 e6 5. Bc4 b6 6. d4 Bb7 7. O-O Qc7 8. Bb3 Be7
9. c4 Nb4 10. d5 exd5 11. cxd5 d6 12. Ba4+ Kf8 13. Nc3 a6 14. a3 b5 15. axb4
bxa4 16. bxc5 Qxc5 17. Be3 Qc7 18. e6 1-0